Štvrtá svetová konferencia OSN o ženách

Priebeh konferencie OSN o ženách, ktorá sa konala v Pekingu. História konferencií o ženách. Prípravný proces 4. svetovej konferencie o ženách. Súčasť zapojenia sa Slovenska do prípravného procesu konferencie, vypracovanie Národnej správy o postavení žien. Delegácia Slovenskej republiky. Formulácia 1...

Descripción completa

Guardado en:
Detalles Bibliográficos
Autor principal: Vranová, Z.
Formato: Capítulo de libro
Lenguaje:eslovaco
Materias:
Etiquetas: Agregar Etiqueta
Sin Etiquetas, Sea el primero en etiquetar este registro!

MARC

LEADER 00000naa a2200000 4500
001 r018506
005 20221213100345.8
041 0 |a slo 
044 |a SK 
245 1 0 |a Štvrtá svetová konferencia OSN o ženách  |c Z. Vranová 
520 |a Priebeh konferencie OSN o ženách, ktorá sa konala v Pekingu. História konferencií o ženách. Prípravný proces 4. svetovej konferencie o ženách. Súčasť zapojenia sa Slovenska do prípravného procesu konferencie, vypracovanie Národnej správy o postavení žien. Delegácia Slovenskej republiky. Formulácia 12 kritických oblastí záujmu, ktoré boli na konferencii prerokované v rámci Akčnej platformy. 
610 2 0 |a konferencie 
610 2 0 |a OSN 
610 2 0 |a Peking 
610 2 0 |a 1995 
610 2 0 |a ženy 
610 2 0 |a postavenie žien 
610 2 0 |a svet 
610 2 0 |a Slovensko 
100 1 |a Vranová, Z.